Central Library OPAC University of Rajshahi

Whitehead's philosophy of civilization / (Record no. 21197)

MARC details
000 -LEADER
fixed length control field 00716nam a22002411 4500
001 - CONTROL NUMBER
control field 21197
003 - CONTROL NUMBER IDENTIFIER
rucl marc code BD-RjUL
005 - DATE AND TIME OF LATEST TRANSACTION
control field 20211209000647.0
008 - FIXED-LENGTH DATA ELEMENTS--GENERAL INFORMATION
fixed length control field 140303s1962 nyu 000 0 eng
035 ## - SYSTEM CONTROL NUMBER
System control number (BD-RjUL)21261
040 ## - CATALOGING SOURCE
Original cataloging agency DLC
Transcribing agency DLC
Modifying agency BD-RjUL
Language of cataloging eng
041 ## - LANGUAGE CODE
Language code of text/sound track or separate title eng
082 00 - DEWEY DECIMAL CLASSIFICATION NUMBER
Classification number 901
Author mark and year JOW 1962
100 1# - MAIN ENTRY--PERSONAL NAME
Personal name Johnson, A. H.
Fuller form of name (Allison Heartz),
Dates associated with a name 1910-
9 (RLIN) 65503
245 00 - TITLE STATEMENT
Title Whitehead's philosophy of civilization /
Statement of responsibility, etc. A. H. Johnson.
260 ## - PUBLICATION, DISTRIBUTION, ETC. (IMPRINT)
Place of publication, distribution, etc. New York :
Name of publisher, distributor, etc. Dover Publications ,
Date of publication, distribution, etc. 1962.
300 ## - PHYSICAL DESCRIPTION
Pagination 211 p. :
Size 22 cm.
600 10 - SUBJECT ADDED ENTRY--PERSONAL NAME
Personal name Whitehead, Alfred North,
Dates associated with a name 1861-1947.
650 #0 - SUBJECT ADDED ENTRY--TOPICAL TERM
Topical term or geographic name as entry element Civilization
General subdivision Philosophy.
9 (RLIN) 3440
942 ## - ADDED ENTRY ELEMENTS (KOHA)
Source of classification or shelving scheme Dewey Decimal Classification
Koha item type Books
Holdings
Lost status Source of classification or shelving scheme Damaged status Not for loan Collection code Permanent Location Current Location Shelving location Date acquired Source of acquisition Cost, normal purchase price Total Checkouts Full call number Date last seen Copy number Koha item type
  Dewey Decimal Classification     Non-fiction Central Library, University of Rajshahi Central Library, University of Rajshahi   11/08/1968 Zeittinger 33.00   901 JOW 1962 03/03/2014 C-2 Books